|
|
|
|
| LEADER |
00000cam a22000004a 4500 |
| 001 |
musev2_634 |
| 003 |
MdBmJHUP |
| 005 |
20230905040119.0 |
| 006 |
m o d |
| 007 |
cr||||||||nn|n |
| 008 |
100520s2010 kyu o 00 0 eng d |
| 010 |
|
|
|z 2010020649
|
| 020 |
|
|
|a 9780813173900
|
| 020 |
|
|
|z 9780813139623
|
| 020 |
|
|
|z 9780813125961
|
| 035 |
|
|
|a (OCoLC)697174378
|
| 040 |
|
|
|a MdBmJHUP
|c MdBmJHUP
|
| 043 |
|
|
|a n-us---
|
| 050 |
0 |
4 |
|a JC573.2.U6
|b D55 2010
|
| 082 |
0 |
|
|a 320.520973
|2 22
|
| 245 |
0 |
4 |
|a The Dilemmas of American Conservatism /
|c edited by Kenneth L. Deutsch and Ethan Fishman.
|
| 264 |
|
1 |
|a Lexington, Ky. :
|b University Press of Kentucky,
|c 2010.
|
| 264 |
|
3 |
|a Baltimore, Md. :
|b Project MUSE,
|c 2012
|
| 264 |
|
4 |
|c ©2010.
|
| 300 |
|
|
|a 1 online resource (232 pages):
|b ill. ;
|
| 336 |
|
|
|a text
|b txt
|2 rdacontent
|
| 337 |
|
|
|a computer
|b c
|2 rdamedia
|
| 338 |
|
|
|a online resource
|b cr
|2 rdacarrier
|
| 504 |
|
|
|a Includes bibliographical references and index.
|
| 505 |
0 |
|
|a Introduction / Ethan Fishman and Kenneth L. Deutsch -- The classical realism of John H. Hallowell / Ethan Fishman -- Eric Voegelin and American conservatism / James L. Wiser -- Leo Strauss's friendly criticism of American liberal democracy: neoconservative or aristocratic liberal? / Kenneth L. Deutsch -- The relation of intellect and will in the thought of Richard Weaver / Robert A. Preston -- Robert Nisbet and the conservative intellectual tradition / Brad Lowell Stone -- John Courtney Murray as Catholic, American conservative / Peter Augustine Lawler -- Russell Kirk: traditionalist conservatism in a postmodern age / Gerald J. Russello -- F.A. Hayek: a man of measure / Linda C. Raeder -- Willmoore Kendall, man of the people / Daniel McCarthy.
|
| 588 |
|
|
|a Description based on print version record.
|
| 650 |
|
0 |
|a Conservatism
|z United States
|x Philosophy.
|
| 650 |
|
0 |
|a Conservatism
|z United States.
|
| 651 |
|
0 |
|a United States
|x Politics and government.
|
| 655 |
|
7 |
|a Electronic books.
|2 local
|
| 700 |
1 |
|
|a Fishman, Ethan M.
|
| 700 |
1 |
|
|a Deutsch, Kenneth L.
|
| 710 |
2 |
|
|a Project Muse.
|e distributor
|
| 830 |
|
0 |
|a Book collections on Project MUSE.
|
| 856 |
4 |
0 |
|z Texto completo
|u https://projectmuse.uam.elogim.com/book/634/
|
| 945 |
|
|
|a Project MUSE - Custom Collection
|
| 945 |
|
|
|a Project MUSE - 2010 Political Science and Policy Studies
|
| 945 |
|
|
|a Project MUSE - 2010 Complete
|